Riconosci il Pokémon - Quiz n°170 - Statistics

Statistiche generali
  • Questo quiz è stato fatto 1 volte
  • Il punteggio medio è 10 su 10
Statistiche sulle risposte
Indizio Risposta % Corretto
Altezza 0,3 m
100%
Tasso di cattura 255 (43.9%)
100%
Peso 2,5 kg
100%
Sesso 50% ♂, 50% ♀
100%
Abilità Aiutinsetto; Clorofilla; Copricapo
100%
Tipo Coleottero / Erba
100%
Stadio evoluzione Forma Base
100%
Tasso di allevamento Medio-Lento
100%
Generazione Quinta
100%
Pokémon Sewaddle
100%
Nessun quiz corrispondente trovato
Distribuzione punteggi
Percentuale di utenti per punteggio
Percentile per numero di risposta
I tuoi punteggi nel tempo
Non hai fatto questo quiz